000 00644nam a2200181 i 4500
001 21208
003 ES-MaACL
005 20250902005047.0
007 t|
008 021122s1885 sp ||||1| spa d
100 1 _aAlbareda, José Luis,
_d1828-1897
_919236
245 1 0 _aDeberes morales del ciudadano para con el Estado en los pueblos modernos
_b: conferencias dadas en el Centro de Instrucción Comercial /
_cJosé Luis Albareda.
260 _aMadrid :
_b[s.n.,
_c1885] (
_fFernández)
300 _a29 p. ;
_c24 cm.
710 2 _aCentro de Instrucción Comercial
_92698
852 _aES-MaACL
_jT-437-F-21
999 _c21208
_d21208